ARRUPE JESUIT UNIVERSITY

CORONAVIRUS -STOP THE SPREAD - CLEAN,DISINFECT,COVER

The path of a Genocide (Record no. 130970)

MARC details
000 -LEADER
fixed length control field 00597nam a22001577a 4500
008 - FIXED-LENGTH DATA ELEMENTS--GENERAL INFORMATION
fixed length control field 211026b ||||| |||| 00| 0 eng d
020 ## - INTERNATIONAL STANDARD BOOK NUMBER
International Standard Book Number 0765807688
050 ## - LIBRARY OF CONGRESS CALL NUMBER
Classification number DT450.435.P385 1999
245 ## - TITLE STATEMENT
Title The path of a Genocide
Remainder of title the Rwanda crisis from Uganda to Zaire
Statement of responsibility, etc /edited by Howard Adelman and Astri Suhrke
260 ## - PUBLICATION, DISTRIBUTION, ETC. (IMPRINT)
Place of publication, distribution, etc New Brunswick:
Name of publisher, distributor, etc Transaction publishers;
Date of publication, distribution, etc 2000.
300 ## - PHYSICAL DESCRIPTION
Extent xxi, 413p.;
Dimensions 23cm.
650 ## - SUBJECT ADDED ENTRY--TOPICAL TERM
Topical term or geographic name as entry element Rwanda
General subdivision Politics and government
9 (RLIN) 50660
650 ## - SUBJECT ADDED ENTRY--TOPICAL TERM
Topical term or geographic name as entry element Genocide
General subdivision History
Chronological subdivision 20th. century
9 (RLIN) 50661
Geographic subdivision Rwanda
650 ## - SUBJECT ADDED ENTRY--TOPICAL TERM
Topical term or geographic name as entry element Rwanda
General subdivision Foreign relations
9 (RLIN) 30153
942 ## - ADDED ENTRY ELEMENTS (KOHA)
Source of classification or shelving scheme Library of Congress Classification
Item type Monograph ( Printed materials)
Holdings
Withdrawn status Lost status Source of classification or shelving scheme Damaged status Not for loan Collection code Home library Current library Shelving location Date acquired Total Checkouts Full call number Barcode Date last seen Copy number Price effective from Koha item type
    Library of Congress Classification     Main Collection ARRUPE LIBRARY ARRUPE LIBRARY Main Collection 26/10/2021   DT450.435.P385 1999 46600008009 26/10/2021 1 26/10/2021 Monograph ( Printed materials)

 

Arrupe Library. PO Box MP320 Mt Pleasant, Harare, Zimbabwe
263 242 745411|librarian@aju.ac.zw